Matematika az alapiskola 1. osztálya számára. Munkafüzet 2. rész

Bibliographic Details
Main Authors: Kováčik, Štefan (Author), Lehoťanová, Brigita, 1964- (Author)
Other Authors: Hecht, Anna, 1949- (Translator), Kolačková, Jarka, 1953- (Illustrator)
Format: Book
Language:Hungarian
Slovak
PhysicalDescription:80 s. fareb. ilustr. 30 cm
Published: Bratislava Orbis Pictus Istropolitana 2004
ISBN:807158567X
Edition:[1. kiad.]
Subjects:

MARC

LEADER 00000nam a2200000 a 4500
001 vtls001486982
003 SK-MaSNL
005 20260505094009.0
008 240314s2004 xo a b p 00000 hun
015 |a SNBA2005/03-01020 
020 |a 807158567X  |q (brož.) 
035 |a SNK000442274 
035 |a urn:nbn:sk:snk-amlusm 
035 |a urn:nbn:sk:snk-am00ccl7 
035 |a D9C3B6AB-D688-4E6F-B352-714DB7768F9F 
040 |a SNK  |b slo  |c SNK  |e AACR2 
041 1 |a hun  |h slo 
044 |a xo  |c SK 
072 7 |a 51  |x Matematika  |2 konspekt 
072 7 |a 37.016  |x Učebné osnovy. Vyučovacie predmety. Učebnice  |2 konspekt 
080 |a (075.2)  |2 MDT-MRF 
080 |a (076.1)  |2 MDT-MRF 
080 |a 51  |2 MDT-MRF 
100 1 |a Kováčik, Štefan  |4 aut  |9 11788 
245 1 0 |a Matematika az alapiskola 1. osztálya számára. Munkafüzet  |c [szerzők: Štefan Kováčik, Brigita Lehoťanová ; fordította Anna Hecht ; illusztráció Jaroslava Kolačková]  |n 2. rész 
250 |a [1. kiad.] 
260 |a Bratislava  |b Orbis Pictus Istropolitana  |c 2004 
300 |a 80 s.  |b fareb. ilustr.  |c 30 cm 
500 |a Fareb. ilustr. na tit. strane a predsádkach 
650 0 7 |a matematika  |2 SNKPH  |9 70174 
655 7 |a učebnice základných škôl  |2 SNKPH  |9 70187 
655 7 |a pracovné zošity  |2 SNKPH  |9 70188 
700 1 |a Lehoťanová, Brigita,  |d 1964-  |4 aut  |9 227551 
700 |a Hecht, Anna,  |d 1949-  |4 trl  |9 299900 
700 1 |a Kolačková, Jarka,  |d 1953-  |4 ill  |9 8415 
919 |a 80-7158-567-X 
968 |d 37 
999 |c 732633  |d 734563 
952 |t P60, <04>, [BOOK], {604}  |a SNK  |b SNK  |y VYP  |7 0  |p 17A0453642  |o snkSB 68708/2 D1  |i snkKSP 15848/2004  |0 0  |1 0  |4 0  |d 2004-12-13  |l 0  |r 2005-01-02 00:00:00  |w 2026-02-23 
952 |t P60, <03>, [BOOK], {603}, -K-  |a SNK  |b SNK  |y PREZ  |7 0  |p 17A0453641  |o snkSB 68708/2  |i snkKSP 15847/2004  |0 0  |1 0  |4 0  |d 2004-12-13  |f 1  |l 0  |r 2017-06-30 00:00:00  |w 2026-02-23